UN MUNDO SIN ESCUELAS /

TRADUCCION DE: AFTER DESCHOOLING, WHAT?

Furkejuvvon:
Bibliográfalaš dieđut
Eará dahkkit: Illich, Iván (autor) (autor), Pulido, Marco Antonio (traducción) (traducción)
Materiálatiipa: Girji
Preanttus:4a edición
Ráidu:(Educación Nueva Imagen)
Fáttát:
Fáddágilkorat: Lasit fáddágilkoriid
Eai fáddágilkorat, Lasit vuosttaš fáddágilkora!

MARC

LEADER 00000nam^a2200000^a^4500
001 000226346
005 20250521000000.0
009 20260310104203.119
020 |a 968-429-000-4 
035 |a 045175 
037 |a Acervo Xavier Clavigero 
082 |a 370.  |b UNM 
245 0 3 |a UN MUNDO SIN ESCUELAS /  |c IVAN ILLICH... [ET. AL.] ; TR. MARCO ANTONIO PULIDO 
250 |a 4a edición 
264 |a México :  |b Nueva Imagen,  |c 1982 
300 |a 203 p. 
336 |a texto  |b txt  |2 rdacontenido 
337 |a sin mediación  |b n  |2 rdamedio 
338 |a volumen  |b nc  |2 rdasoporte 
440 1 |a (Educación Nueva Imagen) 
520 |a TRADUCCION DE: AFTER DESCHOOLING, WHAT? 
649 |a XX 
650 |a Educación 
700 |a Illich, Iván  |e (autor) 
700 |a Pulido, Marco Antonio  |e (traducción) 
910 |a Fondo General 
920 |a Impresos - Libros 
930 |a Colección General 
905 |a 101 
901 |a 045175  |b IT1  |c ACC  |i 045175  |u 20250521 
902 |a https://opac.biblio.iteso.mx/vufind/Record/000226346